Statistics for 1/26 countries that start with A

Click here to take the quiz!

General Stats

  • This quiz has been taken 174 times
  • The average score is 10 of 11

Answer Stats

Answer% Correct
Angola
93%
Australia
93%
Albania
91%
Austria
89%
Argentina
88%
Afghanistan
86%
Andorra
84%
Armenia
84%
Azerbaijan
84%
Algeria
81%
Antigua and Barbuda
78%

Score Distribution

Percentile by Number Answered

Percent of People with Each Score

Your Score History

You have not taken this quiz